00366nam a2200145Ia 4500003000400000008004100004040001600045082001300061100002200074245004400096260003000140300001100170650001400181650002500195GCL140319s9999 xx 000 0 eng d aGCL / cGCL04a547bS O1 aSCHMID, GEORGE H.10aORGANIC CHEMISTRY / cSCHMID, GEORGE H. a[S.N] : bMOSBY ، c1995 a1208 P04aCHEMISTRY04aCHEMISTRY IN ORGANIC